1269 1452 1558 1915 1539 1788 1738 1723 1934 1117 1978 1915 1982 1717 1955 1698 1614 1137 1942 1930 1027 1004 1587 1978 1634 1582 1153 1969 1478 1307 1954 1657 1155 1739 1846 1577 1386 1638 1307 1492 1711 1553 1571 2000 1207 1482 1312 1729 1933 1564 1135 1651 1722 1493 1905 1971 1059 1480 1045 1680 1788 1414 1300 1568 1610 1009 1272 1266 1950 1023 1745 1470 1518 1434 1430 1817 1274 1317 1373 1807 1016 1728 1477 1283 1754 1280 1300 1301 1700 1381 1849 1348 1429 1697 1550 1785 1319 1857 1507 BCNSPRNW ULIB Ver.6.0+V

เปลี่ยนเป็นภาษาไทย

Change to English
 แสดงรายละเอียดบรรณานุกรม
  กลับหน้าหลัก

Brief Record : Get Marc (ISO 2709) : E-mail record : QR code < ปิดหน้าต่าง
LEADER : 00000nam 2200000uu 4500
001    13399126413
003     ULIB
008    020711s2018 th a 000 0 eng d
020    ^a9781496355140
060    ^aWY49^bC641
110    ^aLippincott Williams & Wilkins
245    ^aClinical Handbook for Brunner & Suddarth s Textbook of Medical-Surgical Nursing
250    ^a14th ed
260    ^aPhiladelphia :^bWolters Kluwer,^c2018
300    ^a859 pages;^b21 cm
650    ^aNursing Care
650    ^aPerioperative Nursing
650    ^aHandbooks
945    ^p1538^l0^i004639
999    ^aประนอม เกษจรัล
รายการนี้ยังไม่มีแท็ก
คุณยังไม่ได้ล็อกอิน คุณสามารถมีกิจกรรมร่วมกับเว็บไซต์ได้ แต่ต้องล็อกอินก่อน ::
  ล็อกอิน

รายการสื่อสารสนเทศ

ลำดับที่ ประเภท เลขเรียก/บาร์โค้ด สถานที่ สถานะ
1. Book การพยาบาล
หนังสือสำรอง
สถานะ=หนังสือสำรอง
WY49 C641 ฉ.1 
  Barcode: 004639
ห้องสมุดวิทยาเขตสวรรค์ประชารักษ์
►หนังสือทั่วไป
บนชั้น

รายการใกล้เคียง
    ชื่อเรื่อง [Clinical Handbook for Brunner & Suddarth s Textbook of Medical-Surgical Nursing]

    หัวเรื่อง [Nursing Care]
    หัวเรื่อง [Perioperative Nursing]
    หัวเรื่อง [Handbooks]

BibComment


ยังไม่เคยถูกคอมเมนท์

คอมเมนท์ทรัพยากรรายการนี้
  คอมเมนท์: Clinical Handboo..


 Copyright 2026. Bcnsprnw @Library